000 00797cab a2200229 4500
001 ABS51161
008 090401t1994 xxu||||| |||| 00| 0 eng d
035 _a(Sirsi) u13376
041 _aeng
100 _aBrown, P.
245 _aModern approaches to valuation
260 _c1994
350 _a0
490 _aIRRV Journal
_vJuly 1994, 164-165(2)
520 _aDiscusses valuation approaches which take account of the impact of inflation looking at three modern techniques. Evaluates factors such as real value models, inflation prone and inflation proofed income, real value growth effects, and provides detailed examples.
650 _aINFLATION
650 _aMODERN VALUATION
650 _aVALUATION APPROACH
690 _aRATING AND VALUATION
942 _n0
948 _c04/03/1997
999 _c8625
_d8625